ইসলামের অর্থনৈতিক ব্যবস্থা / (Record no. 31687)

MARC details
000 -LEADER
fixed length control field 00936nam a22002057a 4500
003 - CONTROL NUMBER IDENTIFIER
control field BDDh-ASL
005 - DATE AND TIME OF LATEST TRANSACTION
control field 20231015031312.0
008 - FIXED-LENGTH DATA ELEMENTS--GENERAL INFORMATION
fixed length control field 230405s1980 b ||||| |||| 00| 0 b d
040 ## - CATALOGING SOURCE
Original cataloging agency BDDh-ASL
Transcribing agency BDDh-ASL
041 ## - LANGUAGE CODE
Language code of text/sound track or separate title ben
082 ## - DEWEY DECIMAL CLASSIFICATION NUMBER
Classification number 330.19297
Item number ABI
100 1# - MAIN ENTRY--PERSONAL NAME
Personal name আলী, আবদুল
Titles and words associated with a name মওলানা
9 (RLIN) 7884
245 10 - TITLE STATEMENT
Title ইসলামের অর্থনৈতিক ব্যবস্থা /
246 ## - VARYING FORM OF TITLE
Title proper/short title Islamer Arthanaitik Bybastha : (Economic Order of Islam) : by Maulana Abdul Ali
260 ## - PUBLICATION, DISTRIBUTION, ETC.
Place of publication, distribution, etc. ঢাকা :
Name of publisher, distributor, etc. ইসলামিক ফাউণ্ডেশন বাংলাদেশ,
Date of publication, distribution, etc. 1980.
300 ## - PHYSICAL DESCRIPTION
Extent 83 p. :
Dimensions 22 cm.
650 #0 - SUBJECT ADDED ENTRY--TOPICAL TERM
Topical term or geographic name entry element ইসলাম ধর্ম , Isalāma dharma, Islam, Religion, Mohammedism, Mohammadan, Mohammedan, Muhammadan, Islamic Relition, Peace
9 (RLIN) 747
650 #0 - SUBJECT ADDED ENTRY--TOPICAL TERM
Topical term or geographic name entry element Economic Development (অর্থনৈতিক উন্নয়ন)
9 (RLIN) 5810
942 ## - ADDED ENTRY ELEMENTS (KOHA)
Source of classification or shelving scheme Dewey Decimal Classification
Koha item type Books
Holdings
Withdrawn status Lost status Source of classification or shelving scheme Damaged status Not for loan Collection code Home library Current library Shelving location Date acquired Source of acquisition Total Checkouts Full call number Barcode Date last seen Copy number Price effective from Koha item type Public note
    Dewey Decimal Classification     Non-fiction Asiatic Society Library Asiatic Society Library General Stacks 04/05/2023 Complimentary   330.19297 ABI 120405 04/05/2023 C-1 04/05/2023 Books Y-1980

Powered by Koha